[Event "22nd ch-NATO"]
[Site "Kaunas LTU"]
[Date "2011.08.12"]
[Round "7.40"]
[White "Voroblievas,A"]
[Black "Adkins,J"]
[Result "0-1"]
[WhiteElo "1857"]
[BlackElo "2016"]

1.e4 g6 2.d4 Bg7 3.Nc3 d6 4.f4 Nf6 5.Nf3 c5 6.dxc5 Qa5 7.Bb5+ Bd7 8.Qe2 O-O
9.O-O Nxe4 10.Qxe4 Bxb5 11.Nxb5 Qxb5 12.cxd6 exd6 13.Be3 Nc6 14.a4 Qa5 15.c3 Rfe8
16.Qd3 d5 17.f5 Rad8 18.b4 Qc7 19.Bg5 f6 20.fxg6 fxg5 21.gxh7+ Kh8 22.Nxg5 Ne5
23.Qh3 Qb6+ 24.Kh1 Qg6 25.Qg3 Rf8 26.Rae1 Rde8 27.Rxf8+ Rxf8 28.h3 Nf7 29.Nxf7+ Qxf7
30.Qd3 b6 31.Kh2 Qf4+ 32.Kh1 Be5 33.Rxe5 Qxe5 34.Kg1 Qe4  0-1

[Event "22nd ch-NATO"]
[Site "Kaunas LTU"]
[Date "2011.08.12"]
[Round "7.13"]
[White "Sypien,M"]
[Black "Maes,P"]
[Result "1-0"]
[WhiteElo "2283"]
[BlackElo "2068"]

1.e4 g6 2.d4 Bg7 3.Nc3 d6 4.Be3 a6 5.a4 b6 6.Nf3 Bb7 7.Bd3 Nd7 8.O-O e6 9.Qd2 Ne7
10.Bh6 O-O 11.Bxg7 Kxg7 12.Qf4 h6 13.Rfe1 Ng8 14.e5 d5 15.Ne2 c5 16.c3 a5
17.Ng3 Qe7 18.Qg4 Rfc8 19.Nh5+ Kh8 20.Nf4 Nf8 21.h4 Ba6 22.Bc2 Ra7 23.g3 Rac7
24.Kg2 Rd8 25.Nh3 Nh7 26.Rad1 cxd4 27.Nxd4 h5 28.Qf3 Nh6 29.Nf4 Kg7 30.Qe3 Ng4
31.Qd2 Nh6 32.f3 Rh8 33.Bxg6 fxg6 34.Ndxe6+ Kg8 35.Nxc7 Qxc7 36.Qxd5+  1-0

[Event "20th Poznan Open"]
[Site "Poznan POL"]
[Date "2011.08.12"]
[Round "7.11"]
[White "Hemmerling,J"]
[Black "Magnucka,A"]
[Result "1-0"]
[WhiteElo "1994"]
[BlackElo "1924"]

1.d4 g6 2.e4 d6 3.Nc3 Bg7 4.g3 Nf6 5.Bg2 O-O 6.Nge2 c5 7.O-O Nc6 8.dxc5 dxc5
9.Be3 Qa5 10.Nd5 e6 11.Nxf6+ Bxf6 12.c3 c4 13.f4 Rd8 14.Qc2 Rd3 15.Bf2 e5
16.Nc1 Rd8 17.f5 Bg5 18.Qe2 gxf5 19.Qh5 f6 20.h4 Bd2 21.exf5 Qb5 22.b3 Bxc3
23.Qg4+ Kh8 24.bxc4 Qa4 25.Rb1 Bd4 26.Bd5 Qc2 27.Be4 Qxc4 28.Nb3 Bxf2+ 29.Rxf2 Nd4
30.Rc1 Rg8 31.Qd1 Rxg3+ 32.Kh2 Rc3 33.Rxc3 Qxc3 34.Qh5 Bd7 35.Qf7 Rg8 36.Qxf6+ Rg7
37.Rg2  1-0

[Event "Etapa Recife CBX"]
[Site "Recife BRA"]
[Date "2011.08.12"]
[Round "5"]
[White "Lima,Lu"]
[Black "Asfora,M"]
[Result "1-0"]
[WhiteElo "1980"]
[BlackElo "2227"]

1.e4 g6 2.Nc3 Bg7 3.d4 d6 4.Be2 Nf6 5.h4 h5 6.Bg5 c6 7.Qd2 Nbd7 8.Nf3 Qc7
9.O-O-O Ng4 10.Bd3 f6 11.e5 Nf8 12.exf6 Nxf6 13.Kb1 Bg4 14.Rde1 O-O-O 15.d5 c5
16.Nb5 Qb6 17.Rxe7 Rd7 18.Rxg7 Rxg7 19.Bxf6 Rgg8 20.Bxh8 Rxh8 21.Qf4 Kb8
22.Qf6 Rg8 23.Qf7  1-0

[Event "Split Open"]
[Site "Split CRO"]
[Date "2011.08.12"]
[Round "8.8"]
[White "Bernard,Ja"]
[Black "Sale,S"]
[Result "0-1"]
[WhiteElo "2208"]
[BlackElo "2383"]

1.e4 g6 2.d4 Bg7 3.Nc3 d6 4.Be3 a6 5.f4 b5 6.Bd3 Nd7 7.e5 Bb7 8.Be4 Qc8 9.Qf3 Rb8
10.Nge2 b4 11.Bxb7 Qxb7 12.Ne4 Nh6 13.O-O Nb6 14.N2g3 Nf5 15.Rae1 Qd5 16.c4 bxc3
17.Nxf5 gxf5 18.Nxc3 Qxf3 19.Rxf3 Kd7 20.b3 e6 21.Bc1 Bf8 22.Rd3 d5 23.Nb1 c5
24.Ba3 c4 25.Rc3 Bh6 26.g3 cxb3 27.axb3 Rhc8 28.Rec1 Rxc3 29.Nxc3 Bf8 30.Bxf8 Rxf8
31.Ra1 Ra8 32.Kg2 Kc6 33.Kf3 Kb7 34.Ke3 Nd7 35.Na4 Rc8 36.Kd2 h5 37.Rc1 Rh8
38.Ke3 h4 39.Kf3 Nb8 40.Nc5+ Kb6 41.Na4+ Kb5 42.g4 fxg4+ 43.Kxg4 Rh7 44.Rc3 a5
45.Rc7 f5+ 46.exf6 Rxc7 47.Kg5 Nc6  0-1

[Event "e2e4 Int Masters A"]
[Site "Sunningdale ENG"]
[Date "2011.08.12"]
[Round "5"]
[White "Dourerassou,J"]
[Black "Rudd,J"]
[Result "1/2-1/2"]
[WhiteElo "2413"]
[BlackElo "2278"]

1.e4 d6 2.d4 g6 3.Nc3 Bg7 4.f4 Nf6 5.Nf3 c5 6.Bb5+ Bd7 7.e5 Ng4 8.h3 Bxb5
9.Nxb5 Qa5+ 10.Nc3 Nh6 11.g4 cxd4 12.Qxd4 Nc6 13.Qe4 O-O 14.Bd2 Rad8 15.O-O-O dxe5
16.fxe5 f5 17.exf6 exf6 18.Qc4+ Kh8 19.Ne4 Qb6 20.c3 Na5 21.Qa4 Rc8 22.Kb1 Nc4
23.Bc1 f5 24.gxf5 Nxf5 25.Rhe1 Nfe3 26.Rd7 Rxf3 27.Rxg7 Kxg7 28.Ng5 Qd6 29.Bxe3 Rxe3
30.Rd1 Rd3 31.Re1 b5 32.Qxa7+ Rc7 33.Qxc7+ Qxc7 34.Ne6+ Kh6 35.Nxc7 Rd2 36.b3 Na3+
37.Kc1 Rc2+ 38.Kd1 Rxc3 39.Re7 Rxh3 40.Ne6 Re3 41.Kd2 Re5 42.Kc3 g5 43.Kd4 Re1
44.Kd5 Nc2 45.Rb7 g4 46.Nf8 Kg5 47.Rxh7 Ne3+ 48.Kc5 Nf5 49.Rh8 Re5+ 50.Kb4 Ne7
51.Nd7 Nc6+ 52.Kc3 Rf5 53.Rg8+ Kf4 54.Nf8 Ne7 55.Ne6+ Ke5 56.Rxg4 Kxe6 57.a4 Nd5+
58.Kd4 b4 59.Rg6+ Kd7 60.Kc4 Re5 61.Rh6  1/2-1/2

[Event "Cafe Atlantis Masters"]
[Site "Groningen NED"]
[Date "2011.08.13"]
[Round "6.3"]
[White "Afek,Y"]
[Black "Tate,A"]
[Result "1-0"]
[WhiteElo "2298"]
[BlackElo "2342"]

1.e4 g6 2.d4 Bg7 3.Nc3 d6 4.Be3 a6 5.g3 Nf6 6.Bg2 Ng4 7.Bg5 h6 8.Bc1 e5 9.dxe5 Nxe5
10.h3 O-O 11.Nge2 Nbc6 12.O-O Re8 13.b3 Rb8 14.Bb2 Nd7 15.Rb1 Nc5 16.f3 Ne7
17.Nf4 Ne6 18.Nfd5 Nxd5 19.Nxd5 Bxb2 20.Rxb2 c6 21.Nc3 Qf6 22.Qd2 b5 23.Rbb1 Bb7
24.Ne2 Qg5 25.f4 Qc5+ 26.Kh2 f5 27.Rbd1 Rbd8 28.exf5 Qxf5 29.g4 Qf6 30.Ng3 d5
31.f5 Ng7 32.Qxh6 Rd6 33.g5 Qf7 34.Rd4  1-0

[Event "Split Open"]
[Site "Split CRO"]
[Date "2011.08.13"]
[Round "9.15"]
[White "Berke,A"]
[Black "Dragomirescu,C"]
[Result "1/2-1/2"]
[WhiteElo "2174"]
[BlackElo "2215"]

1.e4 g6 2.d4 Bg7 3.Nc3 d6 4.Be3 c6 5.h3 Nf6 6.g4 h5 7.g5 Nfd7 8.Bg2 e5 9.f4 Qb6
10.Nge2 Na6 11.O-O O-O 12.Qd2 exd4 13.Bxd4 Bxd4+ 14.Qxd4 Nb4  1/2-1/2

[Event "CECLUB Div2 Gp2"]
[Site "Totana ESP"]
[Date "2011.08.13"]
[Round "5"]
[White "Moreno Tejera,E"]
[Black "Jimenez Martinez,Jo"]
[Result "1/2-1/2"]
[WhiteElo "2264"]
[BlackElo "2283"]

1.e4 d6 2.d4 g6 3.Nc3 Bg7 4.Be3 a6 5.Qd2 Nd7 6.h4 h5 7.Nh3 b5 8.Ng5 Bb7 9.O-O-O Rc8
10.Kb1 c5 11.f4 Nh6 12.e5 cxd4 13.Bxd4 dxe5 14.fxe5 Nxe5 15.Qf4 Qc7 16.Re1 b4
17.Rxe5 bxc3 18.Rxe7+ Kxe7 19.Qxc7+ Rxc7 20.Bxg7 Rd8 21.Bd3 Ng4 22.Re1+ Kd6
23.Bxc3 Rdd7 24.g3 Kc6 25.Ba5 Rc8 26.a4 Nf2 27.Bc4 f6 28.Ne6 Rd1+ 29.Rxd1 Nxd1
30.Nf4 Ne3 31.Bd3  1/2-1/2

[Event "10th Lichtenberger Sommer"]
[Site "Berlin GER"]
[Date "2011.08.14"]
[Round "2.6"]
[White "Klundt,K"]
[Black "Stadtmueller,H"]
[Result "1-0"]
[WhiteElo "2377"]
[BlackElo "2132"]

1.e4 g6 2.d4 Bg7 3.Nc3 d6 4.Be3 a6 5.f4 e6 6.Nf3 Ne7 7.Bd3 b6 8.O-O Nd7 9.f5 exf5
10.exf5 Nf6 11.fxg6 fxg6 12.Qd2 O-O 13.Bh6 Bf5 14.Bxg7 Kxg7 15.Ng5 Qd7 16.Rae1 Rfe8
17.Qf2 h6 18.Ne6+ Kh7 19.Qh4 Nfg8  1-0

[Event "10th Lichtenberger Sommer"]
[Site "Berlin GER"]
[Date "2011.08.14"]
[Round "2.32"]
[White "Kabitzke,J"]
[Black "Pueschel,W"]
[Result "1-0"]
[WhiteElo "1852"]
[BlackElo "2163"]

1.e4 g6 2.d4 Bg7 3.Nc3 d6 4.f4 e6 5.Nf3 Ne7 6.Bc4 c6 7.O-O b5 8.Bb3 O-O 9.Ne2 a5
10.c3 Na6 11.Be3 Bb7 12.Ng3 Qc7 13.f5 exf5 14.exf5 a4 15.Bc2 Nd5 16.Bd2 Rae8
17.Ng5 h6 18.fxg6 hxg5 19.Qh5 fxg6 20.Bxg6 Nf6 21.Rxf6 Rxf6 22.Bxe8 Rh6 23.Qxg5 Re6
24.Bg6 c5 25.Rf1 Re7 26.Nf5 Rd7 27.Nh6+ Kh8 28.Qh5  1-0

[Event "FSFMC August"]
[Site "Budapest HUN"]
[Date "2011.08.14"]
[Round "9"]
[White "Somogyi,Theodora"]
[Black "Bella,Zsolt"]
[Result "0-1"]
[WhiteElo "1227"]
[BlackElo "1471"]

1.e4 g6 2.d4 d6 3.Nc3 Bg7 4.Nf3 Nf6 5.Bc4 Nc6 6.d5 Ne5 7.Nxe5 dxe5 8.Bg5 a6
9.a4 O-O 10.Bxf6 exf6 11.O-O f5 12.Qf3 f4 13.Rfe1 h5 14.h3 Qd6 15.Ne2 Qb4
16.b3 g5 17.Qxh5 Qd6 18.f3 Bh6 19.Kh1 Bd7 20.g3 Kg7 21.h4 f6 22.g4 Be8 23.Qxh6+ Kxh6
24.h5 Qd7 25.Rg1 c6 26.Rad1 Bxh5 27.Rg2 Bg6 28.Rh2+ Kg7 29.Kg1 b5 30.Bd3 cxd5
31.Nc3 d4 32.Nd5 Rab8 33.a5 Qd8 34.b4 Rh8 35.Rg2 Rh3 36.Kf2 Qh8 37.Rdg1 Qh4+
38.Ke2 Bf7 39.Kd2 Bxd5 40.exd5 Rxf3 41.Be2 Rg3 42.Bf1 Rf3 43.Re2 Rf2 44.d6 f3
45.Rg2 Rxf1 46.Rh2 Qxg4 47.Re1 Qf4+ 48.Kd1 Qxh2 49.Rxf1 Qe2+ 50.Kc1 Rc8 51.Kb1 Qxc2+
52.Ka1 d3 53.d7 Rd8 54.Rb1 d2 55.Rf1 Rxd7 56.Rg1 d1=Q+ 57.Rxd1 Rxd1+  0-1

[Event "29th World Junior Girls"]
[Site "Chennai IND"]
[Date "2011.08.14"]
[Round "12.26"]
[White "Anjana Krishna,S"]
[Black "Guo,E"]
[Result "0-1"]
[WhiteElo "1830"]
[BlackElo "2029"]

1.e4 g6 2.d4 Bg7 3.Nc3 d6 4.Be3 a6 5.Qd2 b5 6.f3 Nd7 7.Nh3 c5 8.dxc5 dxc5
9.Nf2 e6 10.Be2 Bb7 11.O-O Ngf6 12.Rad1 O-O 13.Bh6 Qb6 14.Bxg7 Kxg7 15.Qg5 c4
16.e5 Nd5 17.Nxd5 exd5 18.Kh1 f6 19.exf6+ Qxf6 20.Qxf6+ Rxf6 21.c3 Re8 22.Rd2 Rfe6
23.Bd1 Nc5 24.Kg1 a5 25.h3 b4 26.Bc2 Re2 27.Ne4 R8xe4 28.Rxd5 Bxd5 29.Bxe4 Nxe4
30.fxe4 Bxe4 31.cxb4 Rxg2+  0-1

[Event "29th World Junior Girls"]
[Site "Chennai IND"]
[Date "2011.08.14"]
[Round "12.30"]
[White "Tejaswini,S"]
[Black "Edes,Z"]
[Result "1-0"]
[WhiteElo "1690"]
[BlackElo "2067"]

1.e4 g6 2.d4 Bg7 3.Nc3 d6 4.f4 c6 5.Nf3 Bg4 6.Be3 Qb6 7.Rb1 Bxf3 8.gxf3 e5
9.Ne2 d5 10.fxe5 dxe4 11.f4 Qa5+ 12.Nc3 f5 13.d5 g5 14.Qh5+ Kd8 15.Qxg5+  1-0

[Event "CECLUB Div2 Gp1"]
[Site "Padron ESP"]
[Date "2011.08.14"]
[Round "6"]
[White "Pazos Porta,A"]
[Black "Boudy Bueno,J"]
[Result "1-0"]
[WhiteElo "2318"]
[BlackElo "2273"]

1.e4 g6 2.d4 Bg7 3.Nc3 d6 4.Nge2 a6 5.a4 b6 6.g3 Bb7 7.Bg2 Nd7 8.O-O e6 9.d5 e5
10.f4 Ne7 11.f5 gxf5 12.exf5 Nf6 13.Bg5 b5 14.Bxf6 Bxf6 15.Ne4 Ng8 16.axb5 axb5
17.Qd3 Kf8 18.Qxb5 Rb8 19.Ra7 Ba8 20.Qa5 Kg7 21.g4 c6 22.g5 Bxg5 23.Nxg5 Qxg5
24.Rxa8 Qe3+ 25.Rf2 Nf6 26.Qa3 Qxa3 27.Rxa3 cxd5 28.Rg3+ Kf8 29.b3 d4 30.c3 Rxb3
31.cxd4 Rb1+ 32.Rf1 Rb2 33.dxe5 dxe5 34.Re3 Ng4 35.Rg3 Rg8 36.h3 Nf6 37.Rxg8+ Kxg8
38.Ng3 Kf8 39.Re1 Rb5 40.Ne4 Nxe4 41.Bxe4 Ke7 42.Kf2 Kf6 43.Rb1 Ra5 44.h4 h5
45.Rb6+ Kg7 46.f6+ Kh6 47.Rb8 Ra2+ 48.Kg1 Ra1+ 49.Bb1 Ra8 50.Rb7 Rb8 51.Rxb8  1-0

[Event "e2e4 Int Masters B"]
[Site "Sunningdale ENG"]
[Date "2011.08.14"]
[Round "9"]
[White "Venkataramanan,T"]
[Black "Ghasi,A"]
[Result "0-1"]
[WhiteElo "2277"]
[BlackElo "2367"]

1.e4 d6 2.d4 g6 3.Nc3 Bg7 4.Nf3 a6 5.a4 b6 6.Be2 Bb7 7.O-O e6 8.Re1 Nd7 9.Be3 Ne7
10.Qd2 h6 11.h4 Nf6 12.e5 Ng4 13.exd6 cxd6 14.Bf4 Nf5 15.h5 g5 16.Nxg5 hxg5
17.Bxg4 gxf4 18.Bxf5 Qg5 19.Ne4 Qxh5 20.Bh3 Bxe4 21.Rxe4 Qg6 22.Qxf4 Rxh3
23.Rae1 Kd7 24.R4e3 Bh6 25.Qe4 Qxe4 26.Rxe4 Rh5  0-1

[Event "Cafe Atlantis Masters"]
[Site "Groningen NED"]
[Date "2011.08.15"]
[Round "8.4"]
[White "Geurink,J"]
[Black "Tate,A"]
[Result "1-0"]
[WhiteElo "2293"]
[BlackElo "2342"]

1.e4 g6 2.d4 Bg7 3.Nc3 d6 4.h4 Nf6 5.f3 a6 6.Be3 Nc6 7.Nge2 b5 8.Qd2 b4 9.Nd5 Rb8
10.Bh6 Bxh6 11.Qxh6 b3 12.c3 Nxd5 13.exd5 Na5 14.Nf4 c6 15.dxc6 d5 16.h5 gxh5
17.Rxh5 e6 18.Qg7 Rf8 19.Nxd5 Nxc6 20.Nf6+ Ke7 21.Rg5  1-0

[Event "Stare Mesto FIDE Open"]
[Site "Stare Mesto CZE"]
[Date "2011.08.15"]
[Round "5"]
[White "Jurcik,Mart"]
[Black "Horsak,J"]
[Result "1-0"]
[WhiteElo "2360"]
[BlackElo "2131"]

1.e4 g6 2.d4 Bg7 3.Nc3 d6 4.Be3 c6 5.Qd2 Qa5 6.f4 Nf6 7.h3 b5 8.Bd3 Ba6 9.a3 e5
10.dxe5 dxe5 11.Nf3 exf4 12.Bxf4 Nbd7 13.Bd6 Qb6 14.e5 Nd5 15.Nxd5 cxd5 16.a4 Nc5
17.a5 Nxd3+ 18.cxd3 Qd8 19.O-O Bc8 20.Nd4 a6 21.Qf4 Qd7 22.Rac1 Ra7 23.Qxf7+  1-0

[Event "10th Lichtenberger Sommer"]
[Site "Berlin GER"]
[Date "2011.08.16"]
[Round "4.25"]
[White "Gebert,R"]
[Black "Kollberg,L"]
[Result "0-1"]
[WhiteElo "2039"]
[BlackElo "2237"]

1.e4 g6 2.d4 Bg7 3.Nc3 d6 4.Bg5 c6 5.Qd2 Qa5 6.Nge2 Nd7 7.Nc1 Ngf6 8.Nb3 Qb6
9.Be2 h6 10.Be3 Qc7 11.f3 b5 12.O-O Bb7 13.d5 a6 14.dxc6 Bxc6 15.Rad1 h5
16.Nd4 Bb7 17.a4 bxa4 18.Nxa4 O-O 19.Nb3 Rfc8 20.Rc1 Kh7 21.c4 Bc6 22.Nc3 Rab8
23.Nd4 e6 24.Rfd1 Qb7 25.Rb1 Qb4 26.Nc2 Qb3 27.Nd4 Qb4 28.Rdc1 Ne8 29.f4 Nc5
30.Nxc6 Rxc6 31.Qc2 Qb3 32.Bxc5 Qxc2 33.Rxc2 Rxc5 34.b4 Rc7 35.Na2 Bd4+ 36.Kf1 Nf6
37.Rd1 e5 38.Bf3 Rbc8 39.Rdc1 exf4 40.Ke2 Be3 41.Rd1 Rxc4 42.Rxc4 Rxc4 43.Rxd6 Rc2+
44.Kd1 Nxe4 45.Kxc2 Nxd6 46.Nc3 Bb6 47.Nd5 Bd8 48.Nxf4 a5 49.bxa5 Bxa5 50.Kd3 Bb6
51.h3 h4 52.Nd5 Bg1 53.Nf6+ Kg7 54.Ne4 Nc8 55.Nc3 f5 56.Ne2 Bf2 57.Nf4 Nd6
58.Ne2 Kf6 59.Nc3 Ke5 60.Ne2 Ne8 61.Bc6 Nf6 62.Nc3 Be1 63.Nd1 Kf4 64.Ke2 Ba5
65.Ne3 Ne4 66.Nf1 Bb6 67.Bd5 Nc3+  0-1

[Event "Stockholm Open"]
[Site "Stockholm SWE"]
[Date "2011.08.16"]
[Round "4"]
[White "Grinblat,Artemiy"]
[Black "Nilsson,O"]
[Result "1/2-1/2"]
[WhiteElo "1862"]
[BlackElo "2138"]

1.e4 g6 2.d4 Bg7 3.Nc3 d6 4.g3 c6 5.a4 a5 6.Bg2 Nd7 7.Nge2 Ngf6 8.O-O O-O
9.h3 Qc7 10.Be3 e5 11.g4 b6 12.Ng3 Ba6 13.Re1 Rfd8 14.g5 Ne8 15.d5 Nc5 16.Qd2 Bc8
17.b3 Bb7 18.Rad1 Rac8 19.Rc1 cxd5 20.Nxd5 Bxd5 21.Qxd5 Qd7 22.Red1 Nc7 23.Qd2 N7e6
24.Ne2 Qc6 25.Nc3 Nc7 26.Nd5 Nxd5 27.Qxd5  1/2-1/2

[Event "Botvinnik Mem Senior"]
[Site "Suzdal RUS"]
[Date "2011.08.16"]
[Round "5"]
[White "Bykhovsky,An RUS"]
[Black "Ivkov,B"]
[Result "1/2-1/2"]
[WhiteElo "2354"]
[BlackElo "2416"]

1.e4 g6 2.d4 Bg7 3.Nc3 d6 4.Nf3 Nd7 5.g3 e5 6.Bg2 Ngf6 7.O-O O-O 8.Re1 c6
9.a4 Re8 10.h3 a5 11.Be3 Qc7 12.Qd2 b6 13.Rad1 Bb7 14.Nh4 Rad8 15.f4 exd4
16.Bxd4 Nc5 17.Qf2 Ncd7 18.Qd2 Nc5 19.Qf2  1/2-1/2

[Event "10th Lichtenberger Sommer"]
[Site "Berlin GER"]
[Date "2011.08.17"]
[Round "5.5"]
[White "Rietze,C"]
[Black "Von Herman,U"]
[Result "1/2-1/2"]
[WhiteElo "2310"]
[BlackElo "2421"]

1.e4 g6 2.d4 Bg7 3.Nc3 d6 4.f4 a6 5.Nf3 Nd7 6.Bc4 e6 7.a4 Ne7 8.O-O d5 9.exd5 Nb6
10.Bd3 Nbxd5 11.Ne4 Nf5 12.c3 Nfe3 13.Qe2 Nxf1 14.Kxf1 O-O 15.Bd2 a5 16.Kg1 b6
17.Ne5 Bb7 18.Bb5 Ne7 19.Nd7 c6 20.Ndf6+ Kh8 21.Bd3 Nd5 22.Nxd5 Qxd5 23.Be1 c5
24.dxc5 bxc5 25.Nd2 c4 26.Be4 Qd7 27.Nxc4 Rab8 28.Bxb7 Qxb7 29.Ra3 Qa6 30.b4 Rfc8
31.b5 Qa7+ 32.Bf2 Qe7 33.Rb3 Qc7 34.Ne5 Kg8 35.Bd4 Qd6 36.Qe4 f5 37.Qf3 Rc7
38.Kf1 Rbb7 39.Ke2 g5 40.g3 g4 41.Qh1 Rb8 42.b6 Rcb7 43.Ke3 Bxe5 44.fxe5 Qd7
45.Rb5 Ra8  1/2-1/2

[Event "XLV Mislata Open A"]
[Site "Mislata ESP"]
[Date "2011.08.17"]
[Round "4"]
[White "Martinez Piqueras,C"]
[Black "Carrasco Sagredo,M"]
[Result "0-1"]
[WhiteElo "2158"]
[BlackElo "2170"]

1.e4 d6 2.d4 g6 3.Nc3 Bg7 4.Bg5 a6 5.f4 Nc6 6.Nf3 Bg4 7.e5 Bxf3 8.gxf3 dxe5
9.dxe5 f6 10.exf6 exf6 11.Bh4 Qe7+ 12.Qe2 O-O-O 13.Bh3+ Kb8 14.Qxe7 Ngxe7
15.O-O f5 16.Rfd1 Rhe8 17.Rxd8+ Rxd8 18.Re1 Rd7 19.Bf1 Bd4+ 20.Kg2 b5 21.Bd3 Kb7
22.Bg5 Bc5 23.a4 b4 24.Nb1 b3 25.Rd1 Nd5 26.Kg3 bxc2 27.Bxc2 Nd4 28.Bd3 Ne3
29.Rc1 Ne6 30.Rc3 Ka7 31.Bf6 Nd1 32.Rb3 Bf2+  0-1

[Event "Manhattan Open"]
[Site "New York USA"]
[Date "2011.08.17"]
[Round "1"]
[White "Lenderman,A"]
[Black "Adu,O"]
[Result "1-0"]
[WhiteElo "2525"]
[BlackElo "2276"]

1.d4 d6 2.e4 g6 3.Nc3 Bg7 4.Be3 c6 5.Qd2 b5 6.Bd3 Nd7 7.Nf3 Qc7 8.O-O Nb6
9.h3 Nf6 10.Bh6 O-O 11.e5 Nfd5 12.Nxd5 Nxd5 13.Rfe1 dxe5 14.dxe5 Be6 15.Re4 Rfd8
16.Bxg7 Kxg7 17.Rh4 h5 18.Re1 Qd7 19.Rxh5 Rh8 20.Rxh8 Rxh8 21.Ng5 Rh4 22.Re4 Rh8
23.a3 Nc7 24.Qe3 a6 25.Qa7 Qd8 26.Rd4 Bd5 27.e6 f6 28.Rg4 Qb8 29.Qc5 Qd8
30.Qc3  1-0

[Event "Manhattan Open"]
[Site "New York USA"]
[Date "2011.08.17"]
[Round "1"]
[White "Ostrovskiy,Al"]
[Black "Kacheishvili,G"]
[Result "1-0"]
[WhiteElo "2294"]
[BlackElo "2582"]

1.e4 g6 2.d4 Bg7 3.Nc3 d6 4.Be3 Nf6 5.f3 c6 6.Qd2 b5 7.O-O-O Nbd7 8.Bh6 Bxh6
9.Qxh6 e5 10.dxe5 dxe5 11.Nh3 a6 12.Rd6 Bb7 13.Be2 Qe7 14.Rhd1 O-O-O 15.Qe3 Ne8
16.R6d2 Nc7 17.Nf2 Ne6 18.Bf1 h5 19.g3 Qg5 20.Qxg5 Nxg5 21.f4 Ne6 22.Bh3 Rhe8
23.Nd3 Kc7 24.Bxe6 Rxe6 25.Nxe5 Re7 26.Rxd7+ Rdxd7 27.Rxd7+ Rxd7 28.Nxd7 Kxd7
29.b4 c5 30.a3 cxb4 31.axb4 Bc8 32.Kd2 Kd6 33.Ke3 Be6 34.Kd4 Bc4 35.Nb1 Kc6
36.Nd2 Be6 37.Nb3 Kd6 38.Na5 Bc8 39.Nb3 Be6 40.Nc5 Bc8 41.e5+ Kc6 42.c3 Kb6
43.Kd5 Kc7 44.h4 Kb6 45.Kd6 a5 46.bxa5+ Kxa5 47.Ke7 Kb6 48.Ne4  1-0

[Event "ch-FRA National B"]
[Site "Caen FRA"]
[Date "2011.08.18"]
[Round "4"]
[White "Cornette,M"]
[Black "Moussard,J"]
[Result "1-0"]
[WhiteElo "2568"]
[BlackElo "2426"]

1.e4 d6 2.d4 g6 3.Nc3 Bg7 4.Be3 a6 5.Qd2 Nd7 6.O-O-O b5 7.h4 h5 8.Nh3 Bb7
9.Ng5 b4 10.Ne2 c5 11.Nf4 Qa5 12.Bc4 Nh6 13.dxc5 Nxc5 14.Bd4 e5 15.Bxc5 Qxc5
16.Bxf7+ Nxf7 17.Nfe6 Qb6 18.Nxg7+ Ke7 19.Rh3 Raf8 20.Rd3 Bc8 21.Nxf7 Kxf7
22.Rxd6 Qb7 23.Nf5 Re8 24.Rf6+ Kxf6 25.Qg5+  1-0

[Event "72nd ch-ARM 1st League"]
[Site "Kajaran ARM"]
[Date "2011.08.18"]
[Round "1"]
[White "Harutjunyan,G"]
[Black "Chibukhchian,A"]
[Result "1-0"]
[WhiteElo "2464"]
[BlackElo "2498"]

1.e4 g6 2.d4 Bg7 3.Nc3 d6 4.Bg5 Nc6 5.Bb5 Bd7 6.Nge2 Nf6 7.Qd2 h6 8.Bh4 a6
9.Bxc6 Bxc6 10.f3 e5 11.d5 Bd7 12.Bf2 b5 13.Be3 h5 14.a4 b4 15.Nd1 a5 16.c4 bxc3
17.bxc3 O-O 18.c4 c6 19.dxc6 Be6 20.Ndc3 Rc8 21.Nd5 Rxc6 22.Rc1 Nd7 23.O-O Nc5
24.Rc2 Kh7 25.Nec3 f5 26.Bg5 Qd7 27.Rb1 Rf7 28.h3 Qe8 29.Kh2 Bd7 30.Rcb2 fxe4
31.fxe4 Ne6 32.Rb8 Rc8 33.Rxc8 Bxc8 34.Be3 Nf4 35.Nb5 Qf8 36.Rf1 g5 37.g3 Bxh3
38.Rf2 Nxd5 39.Rxf7 Qxf7 40.cxd5 Qf3 41.Bxg5 Qf1 42.Nxd6 Bg4 43.Qg2 Qd3 44.Qf2 Bf3
45.Bd2 Bf8 46.Nf7 Bc5 47.Qxf3 Qxd2+ 48.Kh3 Qe1 49.Nxe5  1-0

[Event "4th Sabadell Open A"]
[Site "Sabadell ESP"]
[Date "2011.08.18"]
[Round "9"]
[White "Vega Gutierrez,B"]
[Black "Camacho Collados,M"]
[Result "0-1"]
[WhiteElo "2227"]
[BlackElo "2404"]

1.e4 d6 2.d4 g6 3.Nc3 Bg7 4.Bg5 a6 5.Qd2 b5 6.a3 Bb7 7.h4 h5 8.O-O-O Nd7
9.Nge2 c5 10.Nd5 Rc8 11.Rh3 Bxd5 12.exd5 Ngf6 13.dxc5 Rxc5 14.Nc3 Qa5 15.Qf4 O-O
16.Be2 Rfc8 17.Qb4 Qd8 18.Be3 R5c7 19.Bd4 Nxd5 20.Nxd5 Rxc2+ 21.Kb1 Rxe2
22.Bxg7 Kxg7 23.Rc3 Kh7 24.g4 Rxc3 25.Qxc3 Qh8 26.gxh5 Qxc3 27.Nxc3 Rxf2
28.hxg6+ fxg6 29.Nd5 Rf7 30.Re1 Ne5 31.Nc7 Nf3 32.Rh1 e5 33.Nxa6 d5 34.Nb4 d4
35.Nd3 e4 36.Ne1 Ne5 37.Kc1 d3 38.Rh3 Rf1  0-1

[Event "Stare Mesto FIDE Open"]
[Site "Stare Mesto CZE"]
[Date "2011.08.18"]
[Round "8"]
[White "Talla,V"]
[Black "Karhanek,P"]
[Result "1/2-1/2"]
[WhiteElo "2427"]
[BlackElo "2119"]

1.e4 g6 2.d4 Bg7 3.Nc3 d6 4.f4 Nd7 5.Nf3 e6 6.Be3 a6 7.e5 d5 8.Bd3 b6 9.Ne2 c5
10.c3 h5 11.Bf2 Bf8 12.g3 Bb7 13.h3 Qc7 14.a3 Ne7 15.b4 Nc6 16.Kf1 Be7 17.Kg2 cxd4
18.Nexd4 Nxd4 19.Bxd4 b5 20.g4 Nb6 21.f5 gxf5 22.gxf5 Rg8+ 23.Kf2 Nc4 24.Rg1 O-O-O
25.f6 Bxf6 26.exf6 e5 27.Bxc4 exd4 28.Bd3 dxc3 29.Bf5+ Kb8 30.Qd4 Bc8 31.Bd3 Bxh3
32.Rae1 Rxg1 33.Rxg1 Bg4 34.Rc1 Bxf3 35.Kxf3 Rd6 36.Rxc3 Qd8 37.Bf5 Rxf6
38.Rc8+ Qxc8 39.Qxf6 Qc7 40.Qxa6 Qc3+ 41.Kf4 Qd2+ 42.Ke5 Qc3+ 43.Kxd5 Qc4+
44.Ke5 Qc3+ 45.Kf4 Qd2+ 46.Kf3 Qd1+ 47.Kg3 Qe1+  1/2-1/2

[Event "10th Lichtenberger Sommer"]
[Site "Berlin GER"]
[Date "2011.08.19"]
[Round "7.38"]
[White "Schreyer,E"]
[Black "Krefenstein,Sergej"]
[Result "1/2-1/2"]
[WhiteElo "1831"]
[BlackElo "2031"]

1.e4 g6 2.d4 Bg7 3.Nc3 d6 4.Be3 a6 5.Qd2 b5 6.a3 Nd7 7.g4 Bb7 8.f3 h5 9.gxh5 Rxh5
10.Nge2 c5 11.Ng3 Rh7 12.Nd1 cxd4 13.Bxd4 Ne5 14.Be2 Nf6 15.a4 Nc6 16.Bxf6 Bxf6
17.axb5 Nd4 18.bxa6 Nxe2 19.Qxe2 Qb6 20.Qe3 Bd4 21.Qb3 Qxb3 22.cxb3 Rxa6
23.Rxa6 Bxa6 24.Nc3 Kd7 25.Nge2 Be5 26.h3 Rh8 27.Kd2 Rb8 28.Kc2 Rc8 29.Kd2 Bg7
30.Ra1 Bh6+ 31.Kd1 Ra8 32.Ra4 e6 33.b4 Bb7 34.Rxa8 Bxa8 35.b5 f5 36.Kc2 d5
37.exd5 e5 38.Nc1 Kd6 39.Nd3 Be3 40.Nb4 Kc5 41.Nc6 Bd4 42.Kd3 Bxc3 43.bxc3 Kxd5
44.Ne7+ Ke6 45.Nxg6 Bxf3 46.b6 Bb7 47.Ke3 Kf6 48.Nf8 f4+ 49.Kf2 Ke7 50.Ng6+ Kf6  1/2-1/2

[Event "Recklinghaeuser Open"]
[Site "Recklinghausen GER"]
[Date "2011.08.19"]
[Round "5"]
[White "Herud,M"]
[Black "Schlenter,Ruediger"]
[Result "1-0"]
[WhiteElo "1998"]
[BlackElo "1900"]

1.e4 g6 2.d4 Bg7 3.Nc3 d6 4.Be3 Nf6 5.f3 O-O 6.Qd2 b6 7.h4 c5 8.Nge2 cxd4
9.Nxd4 d5 10.O-O-O dxe4 11.Bh6 e3 12.Qxe3 Nd5 13.Nxd5 Qxd5 14.Bxg7 Kxg7 15.h5 h6
16.hxg6 Qg5 17.Qxg5 hxg5 18.gxf7  1-0

[Event "5th Zupanja Open"]
[Site "Zupanja CRO"]
[Date "2011.08.19"]
[Round "3"]
[White "Runic,Z"]
[Black "Kljako,D"]
[Result "1-0"]
[WhiteElo "2388"]
[BlackElo "2181"]

1.e4 g6 2.d4 Bg7 3.Nc3 d6 4.Nge2 Nd7 5.g3 c5 6.Bg2 cxd4 7.Nxd4 Ngf6 8.O-O O-O
9.h3 a6 10.a4 Qc7 11.Qd2 Ne5 12.b3 Qb6 13.a5 Qc5 14.Na4 Qc7 15.Nb6 Rb8 16.Bb2 Ned7
17.Nxc8 Rfxc8 18.c4 b6 19.e5 Nxe5 20.f4 bxa5 21.fxe5 dxe5 22.Nf3 Ne4 23.Qxa5 Qxa5
24.Rxa5 Nxg3 25.Re1 e4 26.Ne5 Rxb3 27.Ba1 f6 28.Ng4 Rxc4 29.Rxa6 h5 30.Ne3 Rcb4
31.Nd5 Rb7 32.Kh2 h4 33.Bxe4 Nxe4 34.Rxe4 Kf7 35.Rae6 Bf8 36.Re2 Rd7 37.Nf4 Rd1
38.Rxf6+  1-0

[Event "5th Zupanja Open"]
[Site "Zupanja CRO"]
[Date "2011.08.19"]
[Round "5.6"]
[White "Mujic,H"]
[Black "Kljako,D"]
[Result "0-1"]
[WhiteElo "2374"]
[BlackElo "2181"]

1.e4 g6 2.d4 Bg7 3.Nc3 d6 4.Nf3 Nf6 5.Bf4 c6 6.Qd2 b5 7.Bd3 Bg4 8.Bh6 Bxh6
9.Qxh6 Bxf3 10.gxf3 e5 11.Ne2 Nbd7 12.O-O-O Qe7 13.Rhg1 a6 14.f4 O-O-O 15.a4 Nb6
16.Qh3+ Kb8 17.fxe5 dxe5 18.dxe5 Qxe5 19.axb5 axb5 20.f4 Qc5 21.Rg5 Qb4 22.c3 Qa4
23.Nd4 Qa1+ 24.Kc2 Qa4+ 25.Kc1 Qa1+ 26.Bb1 Kb7 27.Qf3 Nc4 28.Rg2 Kb6 29.f5 g5
30.Re1 Nd7 31.Nb3 Qa4 32.Qf2+ c5 33.Nd2 Nxd2 34.Kxd2 Ne5+ 35.Ke3 h5 36.Qc2 Qa7
37.Rxg5 Qe7 38.h4 c4 39.Qg2 Ng4+ 40.Kf3 f6 41.Rxg4 hxg4+ 42.Qxg4 Qe5 43.Rh1 Rd2
44.Qg1+ Kc6 45.h5 Rxb2 46.Qd4 Qe7 47.Bc2 Ra2 48.h6 Rh7 49.e5 fxe5 50.Qe4+ Kd6
51.Qe3 Kc7 52.Be4 Ra6 53.Rh5 Qd6 54.Kg4 Ra1 55.f6 Rh8 56.Rg5 Qd1+ 57.Kf5 Qd7+
58.Kxe5 Qd6+ 59.Kf5  0-1